Jean-Paul II et la femme Africaine : (Record no. 7844)

MARC details
000 -LEADER
fixed length control field 00535nam a22001937a 4500
003 - CONTROL NUMBER IDENTIFIER
control field TZ-ArACH
005 - DATE AND TIME OF LATEST TRANSACTION
control field 20260413120602.0
020 ## - INTERNATIONAL STANDARD BOOK NUMBER
International Standard Book Number 9782748301724
040 ## - CATALOGING SOURCE
Transcribing agency TZ-ArACH
050 ## - LIBRARY OF CONGRESS CALL NUMBER
Classification number HQ1787
Item number .K37 2003
100 ## - MAIN ENTRY--PERSONAL NAME
Personal name Abbé Omer Katshioko Kapita
245 ## - TITLE STATEMENT
Title Jean-Paul II et la femme Africaine :
Remainder of title Dignité et gratitude
Statement of responsibility, etc Abb Omer Katshioko Kapita
260 ## - PUBLICATION, DISTRIBUTION, ETC. (IMPRINT)
Place of publication, distribution, etc Paris :
Name of publisher, distributor, etc Publibook ;
Date of publication, distribution, etc 2003.
300 ## - PHYSICAL DESCRIPTION
Extent 157 p.
504 ## - BIBLIOGRAPHY, ETC. NOTE
Bibliography, etc Bibliography
650 ## - SUBJECT ADDED ENTRY--TOPICAL TERM
Topical term or geographic name as entry element John Paul II
General subdivision Pope
650 ## - SUBJECT ADDED ENTRY--TOPICAL TERM
Topical term or geographic name as entry element Women
General subdivision Dignity
Geographic subdivision Africa
942 ## - ADDED ENTRY ELEMENTS (KOHA)
Source of classification or shelving scheme Library of Congress Classification
Koha item type Books
Holdings
Home library Current library Date acquired Full call number Barcode Koha item type
African Court on Human and Peoples' Rights Library African Court on Human and Peoples' Rights Library 13/04/2026 HQ1787 .K37 2003 1004454X Books

African Court on Human and Peoples' Rights | For Inquiries Contact » +255 272 510 510